[Event "Iran-ch U20 Girls"]
[Site "Tehran"]
[Date "2016.04.22"]
[Round "3.2"]
[White "Karimi, Yeganeh"]
[Black "Hamedi Nia, Vesal"]
[Result "0-1"]
[WhiteElo "1975"]
[BlackElo "1938"]
[PlyCount "134"]
[EventDate "2016.04.20"]
[EventType "swiss"]
[EventRounds "9"]
[EventCountry "IRI"]
[SourceTitle "EXT 2024"]
[Source "ChessBase"]
[SourceDate "2023.10.10"]
[SourceVersion "1"]
[SourceVersionDate "2023.10.10"]
[SourceQuality "1"]

1. e4 c5 2. Nf3 e6 3. d4 cxd4 4. Nxd4 a6 5. Nc3 Qc7 6. g3 b5 7. Bg2 Bb7 8. 0-0 Bc5 9. Re1 d6 10. Nb3 Qb6 11. Nxc5 dxc5 12. Qg4 g6 13. Be3 Nd7 14. b4 Qc7 15. bxc5 Nxc5 16. Bd4 e5 17. Nd5 Qd6 18. Bxc5 Qxc5 19. Re3 Qd6 20. Rc3 Bxd5 21. exd5 Ne7 22. Re1 f5 23. Qe2 e4 24. Bxe4 fxe4 25. Qxe4 Kd7 26. Qg4+ Nf5 27. Rc6 Qb8 28. Rce6 Qd8 29. Qf4 Qb8 30. Qg4 Qd8 31. d6 Rb8 32. Re7+ Kc6 33. Qe4+ Kb6 34. Re6 Qd7 35. g4 Rhg8 36. Kf1 Ng7 37. Qd4+ Kc6 38. Re7 Qxd6 39. Qc3+ Kb6 40. Rxg7 Rxg7 41. Qxg7 Rb7 42. Qh6 Rc7 43. Qe3+ Ka5 44. Qd3 Qb4 45. h3 g5 46. Qd8 Qc4+ 47. Re2 h6 48. Qd2+ Kb6 49. a3 Kb7 50. Kg1 Qc5 51. Qd3 Rc6 52. Qf3 Kb6 53. Qd3 Rd6 54. Qf3 Rc6 55. Kg2 Ka5 56. Qd3 Rd6 57. Qf3 Rd4 58. Qe3 Qd5+ 59. f3 Rf4 60. Rd2 Rxf3 61. Qxf3 Qxd2+ 62. Kg3 Qxc2 63. Qe3 Ka4 64. h4 gxh4+ 65. Kf4 Qc4+ 66. Kf5 Qd5+ 67. Kf6 Qg5+ 0-1

[Event "Iran-ch U20 Girls"]
[Site "Tehran"]
[Date "2016.04.21"]
[Round "2.2"]
[White "Khorshidi, Yegane"]
[Black "Karimi, Yeganeh"]
[Result "0-1"]
[WhiteElo "1507"]
[BlackElo "1975"]
[PlyCount "82"]
[EventDate "2016.04.20"]
[EventType "swiss"]
[EventRounds "9"]
[EventCountry "IRI"]
[SourceTitle "EXT 2024"]
[Source "ChessBase"]
[SourceDate "2023.10.10"]
[SourceVersion "1"]
[SourceVersionDate "2023.10.10"]
[SourceQuality "1"]

1. e4 e6 2. d4 d5 3. e5 c5 4. c3 Nc6 5. Nf3 Qb6 6. Bd3 cxd4 7. cxd4 f6 8. 0-0 Bd7 9. Bc2 Be7 10. a3 f5 11. b4 Nh6 12. Nc3 Qd8 13. h3 0-0 14. Nh2 Kh8 15. f4 Rc8 16. Ne2 g5 17. fxg5 Bxg5 18. Nf3 Bxc1 19. Rxc1 Rg8 20. Qd2 Nf7 21. Nf4 Ng5 22. Nh5 Nxh3+ 23. Kh2 Ng5 24. Nf6 Nxf3+ 25. Rxf3 Rg6 26. Rh3 Rxf6 27. exf6 Qxf6 28. Rd3 Ne7 29. Re1 Ng6 30. Rh3 Ne7 31. Bb3 Rg8 32. Rf1 Rg4 33. Rf4 Ng6 34. Rxg4 fxg4 35. Re3 Qh4+ 36. Kg1 g3 37. Qd3 Qh2+ 38. Kf1 Qh1+ 39. Ke2 Nf4+ 40. Kf3 Nxd3 41. Rxd3 Qf1+ 0-1

[Event "Mashhad Ferdowsi op 6th"]
[Site "Mashhad"]
[Date "2016.02.02"]
[Round "6"]
[White "Karimi, Yeganeh"]
[Black "Khodashenas, Mersad"]
[Result "0-1"]
[WhiteElo "1971"]
[BlackElo "2393"]
[PlyCount "70"]
[EventDate "2016.01.29"]
[EventType "swiss"]
[EventRounds "9"]
[EventCountry "IRI"]
[SourceTitle "CBM 170 Extra"]
[Source "ChessBase"]
[SourceDate "2016.02.25"]
[SourceVersion "1"]
[SourceVersionDate "2016.02.25"]
[SourceQuality "1"]

1. e4 e5 2. Nf3 d6 3. d4 exd4 4. Nxd4 Nf6 5. Nc3 Be7 6. Be2 0-0 7. 0-0 Re8 8. f4 Bf8 9. Bf3 c5 10. Nb3 Nc6 11. Be3 Bf5 12. Bxc5 Nxe4 13. Bxe4 Bxe4 14. Nxe4 Rxe4 15. Qd3 Qe8 16. Bd4 d5 17. c3 Nxd4 18. Nxd4 Bc5 19. Rad1 Qa4 20. a3 Rae8 21. Kh1 Bxd4 22. cxd4 Re3 23. Qb1 Re2 24. Rfe1 g6 25. Rxe2 Rxe2 26. Kg1 Qb3 27. Rd3 Qxb2 28. Qxb2 Rxb2 29. Rc3 Rd2 30. Rc7 Rd1+ 31. Kf2 Rxd4 32. Rxb7 Rxf4+ 33. Ke3 Ra4 34. Rb5 Rxa3+ 35. Kd4 Ra2 0-1

[Event "IRI-ch (Women)"]
[Site "Tehran"]
[Date "2016.01.22"]
[Round "9"]
[White "Mahdian, Anousha"]
[Black "Karimi, Yeganeh"]
[Result "0-1"]
[WhiteElo "1811"]
[BlackElo "1971"]
[PlyCount "148"]
[EventDate "2016.01.16"]
[EventType "swiss"]
[EventRounds "9"]
[EventCountry "IRI"]
[SourceTitle "CBM 170 Extra"]
[Source "ChessBase"]
[SourceDate "2016.02.25"]
[SourceVersion "1"]
[SourceVersionDate "2016.02.25"]
[SourceQuality "1"]

1. d4 Nf6 2. c4 e6 3. Nc3 c5 4. d5 exd5 5. cxd5 d6 6. e4 g6 7. f3 a6 8. a4 Bg7 9. Bg5 0-0 10. Qd2 Re8 11. Nge2 Nbd7 12. Nd1 Rb8 13. Nec3 Qa5 14. Ra2 Ne5 15. Be2 Qc7 16. 0-0 c4 17. a5 b5 18. axb6 Qxb6+ 19. Be3 Qc7 20. Ra4 a5 21. f4 Nd3 22. Bxd3 cxd3 23. Qxd3 Bd7 24. Rc4 Qb7 25. Qc2 Ng4 26. Bf2 f5 27. h3 Nxf2 28. Rxf2 fxe4 29. Rxe4 Rxe4 30. Qxe4 Re8 31. Qc4 Qb6 32. Kh2 Re1 33. Kg3 g5 34. Re2 gxf4+ 35. Kf3 Rf1+ 36. Ke4 Qd8 37. Kd3 f3 38. gxf3 Bf5+ 39. Kd2 Rxf3 40. Ne3 Bh6 41. Qd4 Qg5 42. Ncd1 Bxh3 43. Qe4 Rf8 44. Kc3 Bg7+ 45. Kb3 Qd8 46. Nc4 Qb8+ 47. Ka2 Qb4 48. Nd2 Qb7 49. Qd3 Bg4 50. Rh2 Bf5 51. Qb3 Qc7 52. Qc4 Qb6 53. Rg2 Rc8 54. Qf4 Bg6 55. Ne4 Qd4 56. Ndc3 Rxc3 57. bxc3 Qxd5+ 58. Kb2 Qxe4 59. Qxe4 Bxe4 60. Rg5 d5 61. Kb3 h6 62. Rg1 Kf7 63. Ra1 h5 64. Rxa5 h4 65. c4 d4 66. Ra2 d3 67. Rh2 Bf6 68. c5 Bg5 69. c6 Bxc6 70. Kc3 Be4 71. Rf2+ Ke6 72. Rf1 d2 73. Rg1 h3 74. Rf1 h2 0-1

[Event "IRI-ch (Women)"]
[Site "Tehran"]
[Date "2016.01.19"]
[Round "6"]
[White "Asadi, Motahare"]
[Black "Karimi, Yeganeh"]
[Result "1-0"]
[WhiteElo "1833"]
[BlackElo "1971"]
[PlyCount "147"]
[EventDate "2016.01.16"]
[EventType "swiss"]
[EventRounds "9"]
[EventCountry "IRI"]
[SourceTitle "CBM 170 Extra"]
[Source "ChessBase"]
[SourceDate "2016.02.25"]
[SourceVersion "1"]
[SourceVersionDate "2016.02.25"]
[SourceQuality "1"]

1. d4 Nf6 2. c4 c5 3. d5 e6 4. Nc3 exd5 5. cxd5 d6 6. Nf3 g6 7. e4 Bg7 8. g3 0-0 9. Bg2 Re8 10. Nd2 Nxe4 11. Ncxe4 f5 12. 0-0 fxe4 13. Nxe4 Bf5 14. Bg5 Qc7 15. Nf6+ Bxf6 16. Bxf6 Nd7 17. Bc3 Ne5 18. b3 b5 19. Re1 Rad8 20. a3 Qd7 21. f4 Bg4 22. Qd2 Nf3+ 23. Bxf3 Bxf3 24. Kf2 Bh5 25. Kg1 a6 26. Bb2 h6 27. Qc3 Kh7 28. Qf6 Bg4 29. Kf2 g5 30. h4 gxh4 31. gxh4 h5 32. Bc3 Rc8 33. Rxe8 Rxe8 34. Re1 Rxe1 35. Kxe1 Qe8+ 36. Kd2 Qg8 37. Qe7+ Kh6 38. Qxd6+ Kh7 39. Qxc5 Qf7 40. Qd4 Kg6 41. Qe5 Bd7 42. d6 Be6 43. b4 Bf5 44. Ke3 Qa7+ 45. Bd4 Qf7 46. Bc3 Qa7+ 47. Qc5 Qf7 48. Qe5 Qa7+ 49. Bd4 Qf7 50. Qh8 Qb3+ 51. Bc3 Qe6+ 52. Kf2 Qf7 53. Qd8 Qa7+ 54. Kf3 Bg4+ 55. Ke4 Qb7+ 56. Kd4 Qa7+ 57. Ke4 Qb7+ 58. Ke3 Qf3+ 59. Kd4 Qxf4+ 60. Kc5 Qc4+ 61. Kb6 Qxc3 62. Qg5+ Kh7 63. Qe7+ Qg7 64. Qe4+ Kg8 65. Qe8+ Kh7 66. Kxa6 Qd7 67. Qxd7+ Bxd7 68. Kb6 Kg6 69. Kc7 Be6 70. d7 Bxd7 71. Kxd7 Kf5 72. Kc6 Kg4 73. Kxb5 Kxh4 74. a4 1-0

[Event "Qazvin op (Women) 18th"]
[Site "Qazvin"]
[Date "2015.08.20"]
[Round "10"]
[White "Karimi, Yeganeh"]
[Black "Ghazizadeh, Asana"]
[Result "1-0"]
[WhiteElo "1899"]
[BlackElo "1807"]
[PlyCount "97"]
[EventDate "2015.08.14"]
[EventType "swiss"]
[EventRounds "11"]
[EventCountry "IRI"]
[SourceTitle "EXT 2016"]
[Source "ChessBase"]
[SourceDate "2015.10.08"]
[SourceVersion "1"]
[SourceVersionDate "2015.10.08"]
[SourceQuality "1"]

1. e4 e6 2. d3 d5 3. Nd2 Nf6 4. Ngf3 Be7 5. g3 0-0 6. Bg2 c5 7. 0-0 Nc6 8. e5 Nd7 9. Re1 Qc7 10. Qe2 b6 11. Nf1 Ba6 12. h4 Rac8 13. N1h2 Nd4 14. Qd1 Nxf3+ 15. Nxf3 d4 16. h5 Rfd8 17. h6 g6 18. Bg5 Bxg5 19. Nxg5 Nb8 20. Qf3 Qe7 21. Qf4 c4 22. dxc4 Rxc4 23. Be4 Rb4 24. b3 Nd7 25. a3 Rb5 26. Bd3 Ra5 27. Bxa6 Rxa6 28. b4 Ra4 29. Nf3 Rc8 30. Nxd4 a5 31. c3 Rxc3 32. Rac1 Raxa3 33. bxa5 bxa5 34. Nc6 Qc5 35. Rxc3 Rxc3 36. Nd8 Qe7 37. Nb7 Rc8 38. Nxa5 Nb6 39. Rb1 Nd5 40. Qd4 Qg5 41. Kg2 Qxh6 42. Nc4 Qg5 43. Nd6 Rc7 44. Rb8+ Kg7 45. Ne8+ Kh6 46. Nxc7 Nxc7 47. Rb7 Nd5 48. Rxf7 Qc1 49. Qh4# 1-0

[Event "IRI-ch (Women)"]
[Site "Tehran"]
[Date "2014.12.16"]
[Round "11"]
[White "Karimi, Yeganeh"]
[Black "Hamedi Nia, Vesal"]
[Result "1-0"]
[WhiteElo "1856"]
[BlackElo "1742"]
[PlyCount "107"]
[EventDate "2014.12.07"]
[EventType "swiss"]
[EventRounds "11"]
[EventCountry "IRI"]
[SourceTitle "CBM 163 Extra"]
[Source "ChessBase"]
[SourceDate "2014.12.23"]
[SourceVersion "1"]
[SourceVersionDate "2014.12.23"]
[SourceQuality "1"]

1. e4 c5 2. Nf3 e6 3. d4 cxd4 4. Nxd4 a6 5. Nc3 Qc7 6. g3 b5 7. Bg2 Bb7 8. 0-0 Nf6 9. Re1 d6 10. Bg5 Be7 11. Qd2 0-0 12. Rad1 Nbd7 13. a3 Ne5 14. Qc1 Nc4 15. Na2 h6 16. Bd2 d5 17. exd5 Bxd5 18. Nb4 Bxg2 19. Kxg2 Nxd2 20. Qxd2 Qb7+ 21. Kg1 Rac8 22. Qe2 Bxb4 23. axb4 Rfe8 24. c3 Nd5 25. Nb3 Qc6 26. Nc5 a5 27. Ne4 axb4 28. cxb4 Red8 29. Rc1 Qa6 30. Rxc8 Rxc8 31. Nc5 Qc6 32. Nd3 Qd6 33. Qg4 Rc4 34. Qf3 Nxb4 35. Ne5 Rc7 36. Qa8+ Kh7 37. Qe4+ Kg8 38. Ra1 f5 39. Qe2 Nc6 40. Ng6 Kh7 41. Nf4 e5 42. Ng2 Nd4 43. Qh5 Qg6 44. Qd1 Qc6 45. h4 Qf3 46. Qe1 Ne2+ 47. Kh2 f4 48. Ra3 Qg4 49. Qb1+ g6 50. Qd3 b4 51. Ra8 f3 52. Qd8 Rc8 53. Rxc8 Qxc8 54. Qxc8 1-0

[Event "IRI-ch (Women)"]
[Site "Tehran"]
[Date "2014.12.09"]
[Round "4"]
[White "Ghazizadeh, Asana"]
[Black "Karimi, Yeganeh"]
[Result "1/2-1/2"]
[WhiteElo "1865"]
[BlackElo "1856"]
[PlyCount "96"]
[EventDate "2014.12.07"]
[EventType "swiss"]
[EventRounds "11"]
[EventCountry "IRI"]
[SourceTitle "CBM 163 Extra"]
[Source "ChessBase"]
[SourceDate "2014.12.23"]
[SourceVersion "1"]
[SourceVersionDate "2014.12.23"]
[SourceQuality "1"]

1. d4 Nf6 2. c4 e6 3. Nc3 c5 4. d5 exd5 5. cxd5 d6 6. e4 g6 7. f4 Bg7 8. Bb5+ Bd7 9. e5 dxe5 10. fxe5 Qe7 11. Qe2 Bxb5 12. Qxb5+ Nbd7 13. Nf3 0-0 14. 0-0 Nxe5 15. Bg5 Nxf3+ 16. Rxf3 Qd6 17. Qxb7 Ng4 18. Bf4 Bd4+ 19. Kh1 Qd8 20. Bg3 Ne5 21. Bxe5 Bxe5 22. Raf1 f5 23. Qc6 Bd6 24. g4 Rb8 25. Na4 Rf6 26. g5 Rf8 27. Re1 Rc8 28. Qa6 Qc7 29. Rf2 Rce8 30. Rc1 Re4 31. Nc3 Rb4 32. Nb5 Qf7 33. Qxd6 Rxb5 34. Rxc5 Rxc5 35. Qxc5 Rd8 36. Rd2 f4 37. d6 Qxa2 38. Qe5 Qf7 39. Rf2 f3 40. Qg3 Rf8 41. h4 Qd5 42. Kh2 Qd3 43. d7 Qxd7 44. Rxf3 Rc8 45. Rf2 Qd4 46. Qb3+ Qc4 47. Qxc4+ Rxc4 48. Kg3 Kg7 1/2-1/2

[Event "IRI-ch (Women)"]
[Site "Tehran"]
[Date "2014.12.08"]
[Round "3"]
[White "Karimi, Yeganeh"]
[Black "Alavi, Homa"]
[Result "1-0"]
[WhiteElo "1856"]
[BlackElo "1933"]
[PlyCount "103"]
[EventDate "2014.12.07"]
[EventType "swiss"]
[EventRounds "11"]
[EventCountry "IRI"]
[SourceTitle "CBM 163 Extra"]
[Source "ChessBase"]
[SourceDate "2014.12.23"]
[SourceVersion "1"]
[SourceVersionDate "2014.12.23"]
[SourceQuality "1"]

1. e4 c5 2. Nf3 e6 3. d4 cxd4 4. Nxd4 a6 5. Nc3 Qc7 6. g3 Nc6 7. Bg2 Nf6 8. 0-0 Be7 9. Re1 d6 10. Nxc6 bxc6 11. e5 dxe5 12. Rxe5 Bb7 13. Re1 Rd8 14. Qf3 0-0 15. Bf4 Qb6 16. Na4 Qb4 17. b3 Rd7 18. c3 Qa5 19. Qe2 Nd5 20. Be5 Qd8 21. Rad1 Bd6 22. Bd4 Qe7 23. c4 Nf6 24. Bxf6 gxf6 25. c5 Be5 26. Rxd7 Qxd7 27. Rd1 Qe7 28. Qd2 f5 29. b4 Bf6 30. Nb6 Rd8 31. Nd7 Kg7 32. a4 e5 33. Bh3 Qe6 34. b5 axb5 35. axb5 cxb5 36. Qd6 Be7 37. Qc7 Qc6 38. Qxc6 Bxc6 39. Bxf5 b4 40. Kf1 Bxc5 41. Rc1 Bb5+ 42. Ke1 Bd4 43. Rc7 b3 44. Kd2 Bxf2 45. Kc3 e4 46. Kxb3 e3 47. Ne5 Kf6 48. Nxf7 e2 49. Nxd8 e1Q 50. Rf7+ Kg5 51. h4+ Kh6 52. Rxh7# 1-0

[Event "IRI-ch (Women)"]
[Site "Rasht"]
[Date "2013.12.08"]
[Round "11"]
[White "Karimi, Yeganeh"]
[Black "Haghshenas, Zahra"]
[Result "0-1"]
[WhiteElo "1839"]
[BlackElo "1785"]
[PlyCount "156"]
[EventDate "2013.11.30"]
[EventType "swiss"]
[EventRounds "11"]
[EventCountry "IRI"]
[SourceTitle "CBM 157 Extra"]
[Source "ChessBase"]
[SourceDate "2013.12.19"]
[SourceVersion "1"]
[SourceVersionDate "2013.12.19"]
[SourceQuality "1"]

1. e4 c5 2. Nf3 d6 3. d4 cxd4 4. Nxd4 Nf6 5. Nc3 a6 6. Bc4 e6 7. Bb3 Be7 8. Bg5 Nc6 9. Nxc6 bxc6 10. Qd2 Qc7 11. Rd1 d5 12. exd5 cxd5 13. Qe2 0-0 14. 0-0 Bb7 15. Rfe1 h6 16. Be3 Bd6 17. h3 Rfe8 18. Kh1 Rac8 19. Rd2 Bc5 20. Bxc5 Qxc5 21. Red1 Qb6 22. f4 Bc6 23. Rd4 Rcd8 24. a3 a5 25. Ba4 Rc8 26. Bb3 Rc7 27. a4 Rb7 28. Qe1 Qc5 29. Qe2 Rb4 30. Rxb4 Qxb4 31. Qe5 Qb8 32. Qxb8 Rxb8 33. Rd4 Nd7 34. Na2 Nc5 35. Nc1 Kf8 36. Kg1 Ke7 37. Kf2 f6 38. Kg1 e5 39. fxe5 fxe5 40. Rd1 Ke6 41. Nd3 Nxb3 42. cxb3 Kd6 43. Nc1 d4 44. Kf2 Bd5 45. Rd3 Kc5 46. Rg3 g5 47. Nd3+ Kd6 48. Nc1 e4 49. h4 Rc8 50. Ne2 e3+ 51. Ke1 d3 52. Nc3 Re8 53. hxg5 hxg5 54. Rxg5 Bxb3 55. Rg3 Bc4 56. Rg6+ Kc5 57. Rg5+ Kb4 58. Rg4 Kb3 59. Rg3 Kb4 60. Rg4 Kb3 61. Rg3 e2 62. Nb1 Kxb2 63. Nd2 Kc3 64. Rg4 Ba6 65. Rg6 Bb7 66. Rg7 Bd5 67. Rc7+ Kd4 68. Rg7 Rf8 69. Rg4+ Kc3 70. Rg3 Rh8 71. Rh3 Rxh3 72. gxh3 Kb4 73. h4 Kxa4 74. h5 Kb4 75. h6 Bg8 76. Ne4 Bh7 77. Nf6 Bf5 78. Nd5+ Kb3 0-1

[Event "IRI-ch (Women)"]
[Site "Rasht"]
[Date "2013.12.04"]
[Round "6"]
[White "Khachatourians, Teni"]
[Black "Karimi, Yeganeh"]
[Result "0-1"]
[WhiteElo "1735"]
[BlackElo "1839"]
[PlyCount "58"]
[EventDate "2013.11.30"]
[EventType "swiss"]
[EventRounds "11"]
[EventCountry "IRI"]
[SourceTitle "CBM 157 Extra"]
[Source "ChessBase"]
[SourceDate "2013.12.19"]
[SourceVersion "1"]
[SourceVersionDate "2013.12.19"]
[SourceQuality "1"]

1. e4 e6 2. Nf3 d5 3. e5 c5 4. b4 cxb4 5. a3 Nc6 6. axb4 Bxb4 7. c3 Be7 8. d4 Bd7 9. Bd3 Rc8 10. h4 Qc7 11. Ba3 h6 12. h5 a6 13. Rh3 Bxa3 14. Rxa3 Nge7 15. Rg3 Kf8 16. Nh4 Nf5 17. Nxf5 exf5 18. Qc2 Nxd4 19. Qb2 Nc6 20. f4 Re8 21. Qf2 Be6 22. Nd2 Qe7 23. Ra1 Rg8 24. Nf3 Rc8 25. Kd2 Ke8 26. Rh3 Qc7 27. Bc2 d4 28. cxd4 Nb4 29. Rc1 Qxc2+ 0-1

[Event "IRI-ch (Women)"]
[Site "Rasht"]
[Date "2013.12.02"]
[Round "4"]
[White "Hashemi, Seyede Fatemeh"]
[Black "Karimi, Yeganeh"]
[Result "1/2-1/2"]
[WhiteElo "1668"]
[BlackElo "1839"]
[PlyCount "103"]
[EventDate "2013.11.30"]
[EventType "swiss"]
[EventRounds "11"]
[EventCountry "IRI"]
[SourceTitle "CBM 157 Extra"]
[Source "ChessBase"]
[SourceDate "2013.12.19"]
[SourceVersion "1"]
[SourceVersionDate "2013.12.19"]
[SourceQuality "1"]

1. e4 e6 2. d4 d5 3. Nc3 Nf6 4. e5 Nfd7 5. f4 c5 6. Nf3 Nc6 7. Be3 Qb6 8. Na4 Qa5+ 9. c3 cxd4 10. Nxd4 Nxd4 11. Bxd4 b5 12. Nc5 Nxc5 13. b4 Qc7 14. Bxc5 Bxc5 15. Bxb5+ Ke7 16. bxc5 Qxc5 17. Rb1 Qxc3+ 18. Qd2 Qxd2+ 19. Kxd2 Rb8 20. Rhc1 Rb7 21. Rb3 Bd7 22. Bd3 Rxb3 23. axb3 Rc8 24. Rxc8 Bxc8 25. Kc3 Kd7 26. Kb4 h6 27. Kc5 f6 28. g3 Kc7 29. h3 fxe5 30. fxe5 Bd7 31. h4 Be8 32. g4 g5 33. h5 Bd7 34. Be2 Bc6 35. Bd1 Bb7 36. Be2 Kd7 37. Bb5+ Kc7 38. Be2 Bc8 39. Bd3 Bd7 40. Be2 Bc6 41. Bd1 d4 42. Kxd4 Kb6 43. Be2 Bd5 44. b4 Kc6 45. b5+ Kd7 46. Kc5 Bb3 47. Bf3 Kc7 48. Be2 Bc2 49. Bf3 Bd3 50. Bd1 Kd7 51. Bf3 Kc7 52. Bd1 1/2-1/2

[Event "Asia-ch U16 Girls"]
[Site "Sari"]
[Date "2013.06.25"]
[Round "7"]
[White "Parnali, S Dharia"]
[Black "Karimi, Yeganeh"]
[Result "1-0"]
[WhiteElo "1934"]
[BlackElo "1823"]
[PlyCount "83"]
[EventDate "2013.06.21"]
[EventType "swiss"]
[EventRounds "9"]
[EventCountry "IRI"]
[SourceTitle "EXT 2015"]
[Source "ChessBase"]
[SourceDate "2014.11.20"]
[SourceVersion "1"]
[SourceVersionDate "2014.11.20"]
[SourceQuality "1"]

1. d4 Nf6 2. c4 e6 3. g3 c5 4. d5 exd5 5. cxd5 d6 6. Bg2 g6 7. Nf3 Bg7 8. 0-0 0-0 9. Nc3 a6 10. a4 Re8 11. Nd2 Nbd7 12. Nc4 Nb6 13. Nxb6 Qxb6 14. a5 Qc7 15. Bf4 Nh5 16. Be3 f5 17. Na4 Bd7 18. Nb6 Rab8 19. Qd2 Bb5 20. Rac1 Qf7 21. Rfe1 Be5 22. b4 f4 23. gxf4 Bxf4 24. bxc5 Bxe3 25. fxe3 dxc5 26. d6 Nf6 27. Rf1 Qe6 28. Nd5 Nd7 29. Ne7+ Kh8 30. Rxc5 Rxe7 31. dxe7 Qxe7 32. Rc7 Re8 33. Qd4+ Qe5 34. Rf7 Qxd4 35. exd4 Nf8 36. Bxb7 h6 37. e4 Kg8 38. Bd5 Kh8 39. e5 Bd3 40. e6 g5 41. e7 Ng6 42. Bc6 1-0

[Event "Wch U16 Girls"]
[Site "Al Ain"]
[Date "2013.??.??"]
[Round "3"]
[White "Karimi, Yeganeh"]
[Black "Egorova, Ayyna"]
[Result "1-0"]
[WhiteElo "1839"]
[BlackElo "2006"]
[PlyCount "99"]
[EventDate "2013.12.18"]
[EventType "swiss"]
[EventRounds "11"]
[EventCountry "UAE"]
[SourceTitle "CBM 158 Extra"]
[Source "ChessBase"]
[SourceDate "2014.02.28"]
[SourceVersion "1"]
[SourceVersionDate "2014.02.28"]
[SourceQuality "1"]

1. e4 c5 2. Nf3 Nc6 3. Nc3 g6 4. d4 cxd4 5. Nxd4 Bg7 6. Be3 Nf6 7. f3 0-0 8. Qd2 d5 9. 0-0-0 Nxd4 10. Bxd4 dxe4 11. fxe4 Be6 12. Kb1 Qc7 13. Nd5 Bxd5 14. exd5 Rfd8 15. c4 b5 16. Bxf6 Bxf6 17. cxb5 Qe5 18. Bc4 e6 19. Qe2 Qxe2 20. Bxe2 Rxd5 21. Rxd5 exd5 22. Rd1 Re8 23. Bf3 d4 24. a4 Kf8 25. b4 Re3 26. Ka2 d3 27. a5 g5 28. b6 Bd4 29. b7 Be5 30. h3 Ke7 31. Rc1 d2 32. Rc5 Bf4 33. Rd5 Kf8 34. Rxd2 Re8 35. Rd7 Re7 36. Rd4 Be5 37. Rd8+ Re8 38. Rc8 Ke7 39. b5 Rd8 40. b6 axb6 41. a6 Rd2+ 42. Ka3 Bd6+ 43. Ka4 g4 44. hxg4 Kd7 45. Kb3 Rd3+ 46. Kc2 Ra3 47. Bc6+ Ke7 48. Ra8 Ra2+ 49. Kb1 b5 50. a7 1-0

[Event "Wch U16 Girls"]
[Site "Al Ain"]
[Date "2013.??.??"]
[Round "4"]
[White "Karimi, Yeganeh"]
[Black "Virkud, Apurva"]
[Result "1-0"]
[WhiteElo "1839"]
[BlackElo "1969"]
[PlyCount "71"]
[EventDate "2013.12.18"]
[EventType "swiss"]
[EventRounds "11"]
[EventCountry "UAE"]
[SourceTitle "CBM 158 Extra"]
[Source "ChessBase"]
[SourceDate "2014.02.28"]
[SourceVersion "1"]
[SourceVersionDate "2014.02.28"]
[SourceQuality "1"]

1. e4 c5 2. Nf3 d6 3. d4 cxd4 4. Nxd4 Nf6 5. Nc3 a6 6. Bc4 e6 7. Bb3 Nbd7 8. Bg5 Nc5 9. Qf3 Be7 10. 0-0-0 Qc7 11. Rhe1 0-0 12. h4 Rb8 13. h5 Ne8 14. Bf4 b5 15. e5 Bb7 16. Qg4 b4 17. Na4 Nxb3+ 18. axb3 Rc8 19. Rd2 Bd5 20. Re3 Kh8 21. Qe2 Qb7 22. Rg3 dxe5 23. Bxe5 f6 24. Bf4 e5 25. Nf5 exf4 26. Rgd3 Be4 27. Rd7 Rxc2+ 28. Rxc2 Qxd7 29. Qxe4 Rf7 30. Nb6 Qb5 31. Rc8 Qf1+ 32. Kc2 Qxf2+ 33. Kb1 Qxb6 34. Rxe8+ Bf8 35. Qe7 Qg1+ 36. Ka2 1-0

[Event "Asia-ch U16 Girls"]
[Site "Hikkaduwa"]
[Date "2012.06.26"]
[Round "1.1"]
[White "Karimi, Yeganeh"]
[Black "Nandhidhaa, PV."]
[Result "0-1"]
[WhiteElo "1794"]
[BlackElo "2176"]
[PlyCount "76"]
[EventDate "2012.06.26"]
[EventType "swiss"]
[EventRounds "9"]
[EventCountry "SRI"]
[SourceTitle "EXT 2024"]
[Source "ChessBase"]
[SourceDate "2023.10.10"]
[SourceVersion "1"]
[SourceVersionDate "2023.10.10"]
[SourceQuality "1"]

1. d4 Nf6 2. c4 e6 3. Nf3 d5 4. g3 dxc4 5. Bg2 Bb4+ 6. Bd2 a5 7. Qc2 b5 8. 0-0 0-0 9. Nc3 c6 10. Rfd1 Bb7 11. Bg5 Be7 12. Ne5 Nd5 13. Bxe7 Qxe7 14. a3 Rd8 15. e4 Nxc3 16. Qxc3 Nd7 17. Nxd7 Rxd7 18. Rd2 g6 19. e5 Qd8 20. Rad1 Qb6 21. h4 h5 22. Bf3 Rad8 23. Qe3 b4 24. Be2 Kh7 25. Bxc4 c5 26. dxc5 Qc6 27. Kf1 Qh1+ 28. Ke2 Bf3+ 29. Qxf3 Rxd2+ 30. Rxd2 Rxd2+ 31. Ke3 Qxf3+ 32. Kxf3 Rxb2 33. axb4 Rxb4 34. Bd3 a4 35. c6 Rb3 36. Ke2 Rc3 37. Bb5 a3 38. Kd2 Rxc6 0-1